| 000 | 00603cam a22002291 4500 | ||
|---|---|---|---|
| 001 | sa 63004258 | ||
| 003 | DLC | ||
| 005 | 20260227111947.0 | ||
| 008 | 890703q19001963ii ab 000 0 maro | ||
| 010 | _asa 63004258 | ||
| 035 | _a(OCoLC)19958874 | ||
| 040 |
_aDLC _cWaU _dDLC |
||
| 042 | _apremarc | ||
| 043 | _aa-ii--- | ||
| 050 | 0 | 0 |
_aDS485.M34 _bA5 |
| 110 | 1 |
_aMaharashtra (India). _bDirectorate of Publicity. |
|
| 245 | 1 | 0 | _aMahārāshṭrāce jilhe. |
| 260 | _c19 | ||
| 300 |
_av. _bmaps, tables. _c25 cm. |
||
| 500 | _aIn Marathi. | ||
| 651 | 0 |
_aMaharashtra (India) _xDescription and travel. |
|
| 999 |
_c55552 _d55552 |
||